00305nam a2200121Ia 4500008004100000020001800041041000800059082001600067100001600083245003500099250000900134260004000143230627s9999 xx 000 0 und d a81-7012-635-5 amar a345.05bKEL aKelkar, R V aLectures On Criminal Procedure a3ed. aLucknowbEastern Book Companyc1998